Biggest Canadian Cities A-Z - Statistics

General Stats
  • This quiz has been taken 61 times
    52 since last reset
  • The average score is 14 of 25
Answer Stats
Letter Population City % Correct
C 1,481,466 Calgary, Alberta
98%
O 1,114,316 Ottawa, Ontario
98%
T 3,110,984 Toronto, Ontario
98%
V 732,581 Vancouver, BC
98%
E 1,128,811 Edmonton, Alberta
96%
M 1,874,560 Montreal, Quebec
93%
Q 578,593 Quebec City, Quebec
91%
W 815,599 Winnipeg, Manitoba
87%
H 615,244 Hamilton, Ontario
78%
L 474,643 London, Ontario
69%
R 245,640 Regina, Saskatchewan
69%
Y 21,362 Yellowknife, Northwest Territories
56%
K 300,892 Kitchener, Ontario
53%
B 744,041 Brampton, Ontario
51%
S 653,039 Surrey, BC
47%
G 298,740 Gatineau, Quebec
44%
A 166,842 Abbotsford, BC
40%
F 69,406 Fredericton, New Brunswick
36%
N 108,277 Nanaimo, BC
24%
D 120,049 Delta, BC
16%
P 109,116 Pickering, Ontario
13%
U 22,407 Uxbridge, Ontario
13%
J 21,917 Joliette, Quebec
11%
I 48,299 Innisfil, Ontario
7%
Z 9,456 Zorra, Ontario
4%
No matching quizzes found
Score Distribution
Percent of People with Each Score
Percentile by Number Answered
Your Score History
You have not taken this quiz since the last reset